000 00306nam a2200133Ia 4500
008 221030s9999 xx 000 0 und d
041 _aEnglish
082 _a105.23
100 _aRavi Kant Taxali
245 0 _aPC Software - Made Simple
_cby Ravi Kant Taxali
260 _c0
650 _aB
942 _cBK
999 _c12259
_d12259